LAUTECH

African cereal stem borers:economic imporatnce,taxonomy natural (Record no. 22898)

MARC details
000 -LEADER
fixed length control field 00264nam a2200097Ia 4500
008 - FIXED-LENGTH DATA ELEMENTS--GENERAL INFORMATION
fixed length control field 120527s9999 xx 000 0 und d
100 ## - MAIN ENTRY--AUTHOR
Author Blaszek,A.ed.
245 ## - TITLE STATEMENT
Title African cereal stem borers:economic imporatnce,taxonomy natural
260 ## - PUBLICATION, DISTRIBUTION, ETC. (IMPRINT)
Name of publisher CAB Intl.
942 ## - ADDED ENTRY ELEMENTS (KOHA)
Item type Books
Holdings
Not for loan Home library Current library Shelving location Date acquired Accen. No. Koha item type
  OLUSEGUN OKE LIBRARY LAUTECH OLUSEGUN OKE LIBRARY LAUTECH   28/05/2012 8406 Books